Understanding data communications / (Record no. 446)

MARC details
000 -LEADER
fixed length control field 00652nac a22001931u 4500
010 ## - LIBRARY OF CONGRESS CONTROL NUMBER
LC control number 2001089583
020 ## - INTERNATIONAL STANDARD BOOK NUMBER
International Standard Book Number 0672322161 (alk. paper)
082 00 - DEWEY DECIMAL CLASSIFICATION NUMBER
Classification number 004.6
Item number H4743
090 ## - LOCALLY ASSIGNED LC-TYPE CALL NUMBER (OCLC); LOCAL CALL NUMBER (OCLC)
-- 446
-- 446
100 ## - MAIN ENTRY--PERSONAL NAME
Personal name Held, Gilbert,
245 10 - TITLE STATEMENT
Title Understanding data communications /
Statement of responsibility, etc Gilbert Held.
250 ## - EDITION STATEMENT
Edition statement 6th ed.
260 ## - PUBLICATION, DISTRIBUTION, ETC. (IMPRINT)
Place of publication, distribution, etc Boston :
Name of publisher, distributor, etc Addison-Wesley,
Date of publication, distribution, etc c2002.
300 ## - PHYSICAL DESCRIPTION
Extent xv, 765 p. :
Other physical details ill. ;
Dimensions 23 cm.
650 #0 - SUBJECT ADDED ENTRY--TOPICAL TERM
Topical term or geographic name as entry element Data transmission systems.
650 #0 - SUBJECT ADDED ENTRY--TOPICAL TERM
Topical term or geographic name as entry element Computer networks.
942 ## - ADDED ENTRY ELEMENTS (KOHA)
Item type Book - Borrowing
Call number prefix 004.6H4743
Holdings
Withdrawn status Item status Source of classification or shelving scheme Damaged status Not for loan Vendor Home library Current library Shelving location Date acquired Source of acquisition Cost, normal purchase price Total Checkouts Full call number Barcode Date last seen Cost, replacement price Koha item type
    Dewey Decimal Classification       Central Library Central Library Lower Floor 06/05/2016   70.00   004.6 HEL 000004179 15/07/2025 87.50 Book - Borrowing